00425nam a2200157Ia 4500003000400000008004100004040001600045082001700061100001700078245007900095260003200174300001000206650001100216650002600227650001400253GCL140319s9999 xx 000 0 eng d aGCL / cGCL04a660.041bA F1 aASTLEY, R.J.10aFINITE ELEMENTS IN SOLIDS AND STRUCTURES: AN INTRODUCTION / cASTLEY, R.J. a[S.N] : bCMC LTD ، c1992 a345 P04aSOLIDS04aFINITE ELEMENT METHOD04aSTRUCTURE